BSOP header

Insight / (Record no. 36068)

MARC details
000 -LEADER
fixed length control field 00527cam a2200157 4500
005 - DATE AND TIME OF LATEST TRANSACTION
control field 20140520110326.0
008 - FIXED-LENGTH DATA ELEMENTS--GENERAL INFORMATION
fixed length control field 720229s1971 ilu 001 0 eng
100 1# - MAIN ENTRY--PERSONAL NAME
Personal name Little, Robert J.
245 10 - TITLE STATEMENT
Title Insight /
Statement of responsibility, etc by Robert J. Little.
260 ## - PUBLICATION, DISTRIBUTION, ETC. (IMPRINT)
Place of publication, distribution, etc Chicago ;
Name of publisher, distributor, etc Moody Press,
Date of publication, distribution, etc [c1971].
300 ## - PHYSICAL DESCRIPTION
Extent 223 p. ;
Dimensions 22 cm.
500 ## - GENERAL NOTE
General note "Compilation of discussions given originally on the Moody presents [radio] program of the Moody Bible Institute."
650 #0 - SUBJECT ADDED ENTRY--TOPICAL TERM
Topical term or geographic name as entry element Theology
General subdivision Miscellanea.
730 ## - ADDED ENTRY--UNIFORM TITLE
Uniform title Moody presents.
942 ## - ADDED ENTRY ELEMENTS (KOHA)
Source of classification or shelving scheme Library of Congress Classification
Item type Books
Holdings
Withdrawn status Lost status Source of classification or shelving scheme Damaged status Not for loan Home library Current library Shelving location Date acquired Source of acquisition Cost, normal purchase price Accession number Total Checkouts Full call number Barcode Date last seen Price effective from Koha item type
    Library of Congress Classification     BSOP Library BSOP Library GC 06/20/2013 Theological Book Network 400.00 35996   BR96 L72 00043196 06/20/2013 06/20/2013 Books
BSOP

Biblical Seminary of the Philippines
  All rights Reserved
  © 2024

CONTACT INFORMATION

Biblical Seminary of the Philippines,
  77-B Karuhatan Road, Valenzuela City,
  PHILIPPINES 1441
  Phone: +632 8292-6795 / 8292-6798
  Fax : +632 8292-6675
  Email: library@bsop.edu.ph